00266nam a22001097a 4500020001800000082001400018100001400032245004400046260004400090300000800134700001400142 a9780198503590 a541.3 CAD aCady M.P. aA Mathcad Primer for Physical Chemistry aNew YorkbOxford University Pressc1999 a335 aC.A.Trapp